Nápoje vo výžive - nápoje v dietetike

Bibliographic Details
Main Author: Petríková, Darina (Author)
Format: Article
Language:Slovak
PhysicalDescription:Obr. 5.
Subjects:

MARC

LEADER 00000nab a2200000 a 4500
001 vtls000018367
003 SK-MaSNL
005 20260304052715.0
008 250422c1978 xo 0 slo
015 |a SNBRB19rr/mm-uuuuu 
035 |a CL0028461 
035 |a urn:nbn:sk:snk-ab6x4m 
035 |a (uuid)986f05a9-ef6f-41f9-943e-a653bd8c432d 
035 |a (urnnbn)urn:nbn:sk:snk:ar-a06410 
035 |a (sysno)vtls000018367 
040 |a SNKBUCL  |b slo  |c SNKBUCL  |e AACR2 
041 0 |a slo 
044 |a xo  |c SK 
080 |a 663.1/.9  |2 1981 
080 |a 613.2  |2 1981 
100 1 |a Petríková, Darina  |4 aut  |9 425680 
245 1 0 |a Nápoje vo výžive - nápoje v dietetike  |c Darina Petríková 
300 |b Obr. 5. 
650 0 7 |a nápoje  |2 snkbucl  |9 17296 
655 7 |a články z novín a časopisov  |2 snkbucl  |9 267496 
773 0 |t Výživa a zdravie  |g Roč. 23, č. 12 (1978), s. 284, 285-286 
850 |a Slovenská národná knižnica 
852 |a Slovenská národná knižnica 
954 |a odborná, vedecká literatúra pôvodná (slovenská)  |2 lita 
957 |a 5211 
958 |a article27 
958 |a RK 
958 |a MI 
958 |a OND 
958 |a EUIPO 
992 |a RBX 
999 |c 2709521  |d 2711451